Communiction Skills in Pharmacy Practice (Record no. 6155)

MARC details
000 -LEADER
fixed length control field 00644nam a22002177a 4500
003 - CONTROL NUMBER IDENTIFIER
control field OSt
005 - DATE AND TIME OF LATEST TRANSACTION
control field 20181004144404.0
008 - FIXED-LENGTH DATA ELEMENTS--GENERAL INFORMATION
fixed length control field 181004b xxu||||| |||| 00| 0 eng d
020 ## - INTERNATIONAL STANDARD BOOK NUMBER
International Standard Book Number 9780781765985
040 ## - CATALOGING SOURCE
Transcribing agency DNLM
082 ## - DEWEY DECIMAL CLASSIFICATION NUMBER
Classification number QV21 C348c 2008
100 ## - MAIN ENTRY--PERSONAL NAME
Personal name Beardsley, Robert S.; Kimberlin, Carole L.; Tindall, William N.
9 (RLIN) 12712
245 ## - TITLE STATEMENT
Title Communiction Skills in Pharmacy Practice
250 ## - EDITION STATEMENT
Edition statement 5th ed.
260 ## - PUBLICATION, DISTRIBUTION, ETC. (IMPRINT)
Place of publication, distribution, etc. Philadelphia; Wolters Kluwer, 2008
300 ## - PHYSICAL DESCRIPTION
Extent xxii,242p; ill: 22cm
504 ## - BIBLIOGRAPHY, ETC. NOTE
Bibliography, etc References, & index included
650 ## - SUBJECT ADDED ENTRY--TOPICAL TERM
Topical term or geographic name as entry element Pharmacy practice
9 (RLIN) 12700
650 ## - SUBJECT ADDED ENTRY--TOPICAL TERM
Topical term or geographic name as entry element Communication skills
9 (RLIN) 2197
942 ## - ADDED ENTRY ELEMENTS (KOHA)
Source of classification or shelving scheme Other/Generic Classification Scheme
Koha item type Short Loan
Holdings
Withdrawn status Lost status Source of classification or shelving scheme Damaged status Not for loan Home library Current library Date acquired Source of acquisition Inventory number Total Checkouts Full call number Barcode Date last seen Koha item type
    Other/Generic Classification Scheme     Pharmacy Department Library Pharmacy Department Library 04/10/2018   11/00333   QV21 C348c 2008 2018-0370 04/10/2018 Short Loan
    Other/Generic Classification Scheme     Pharmacy Department Library Pharmacy Department Library 04/10/2018   11/00334   QV21 C348c 2008 2018-0371 04/10/2018 Short Loan